[Event "M.Botvinnik Memorial 2012"]
[Site "St. Petersburg, Russia"]
[Date "2012.08.30"]
[Round "6.111"]
[White "Trumul, Svetlana"]
[Black "Gusev, Boris"]
[Result "0-1"]
[WhiteElo "1474"]
[BlackElo "1724"]
[PlyCount "102"]
[EventDate "2012.08.25"]

1. e4 e6 2. Nf3 d5 3. exd5 exd5 4. d4 Nf6 5. Nc3 Bf5 6. Be2 Bd6 7. O-O c6 8.
Bg5 Nbd7 9. Re1 O-O 10. Bd3 Bg4 11. h3 Bh5 12. Re3 Qc7 13. Qd2 h6 14. Bh4 Bf4
15. Bg3 Bxf3 16. Bxf4 Qxf4 17. gxf3 Nh5 18. Ne2 Qh4 19. Bf5 Qg5+ 20. Bg4 f5 21.
f4 Nxf4 22. Nxf4 Qxf4 23. Bf3 Nf6 24. Kh1 Nh7 25. Rg1 Ng5 26. Qe2 Ne4 27. Bxe4
fxe4 28. f3 exf3 29. Re7 Rf7 30. Re8+ Rxe8 31. Qxe8+ Kh7 32. Rg4 Qf5 33. Qe1 f2
34. Qf1 Re7 35. Kh2 Re1 36. Qg2 g5 37. Kg3 f1=Q 38. Qxf1 Rxf1 39. Kh2 Qxc2+ 40.
Rg2 Rf2 41. Rxf2 Qxf2+ 42. Kh1 Qxb2 43. a4 Kg6 44. a5 Kf5 45. Kg1 Ke4 46. Kf1
Kxd4 47. a6 bxa6 48. h4 gxh4 49. Kg1 a5 50. Kf1 a4 51. Ke1 a3 0-1

[Event "M.Botvinnik Memorial 2012"]
[Site "St. Petersburg, Russia"]
[Date "2012.08.31"]
[Round "7.1"]
[White "Areshchenko, Alexander"]
[Black "Romanov, Evgeny"]
[Result "1/2-1/2"]
[WhiteElo "2691"]
[BlackElo "2595"]
[PlyCount "117"]
[EventDate "2012.08.25"]

1. e4 e6 2. d4 d5 3. e5 c5 4. c3 Nc6 5. Nf3 Bd7 6. Be2 Rc8 7. O-O a6 8. Be3
cxd4 9. cxd4 Nge7 10. Nc3 Nf5 11. Bd3 Nxe3 12. fxe3 Be7 13. a3 O-O 14. Ne2 Na5
15. Nf4 Qb6 16. b4 Nc4 17. Qe2 Qd8 18. g3 a5 19. h4 axb4 20. axb4 g6 21. Rf2 f6
22. exf6 Bxf6 23. Raf1 Qe7 24. Kh2 Nd6 25. Ne5 Bxe5 26. dxe5 Nf5 27. Bxf5 Rxf5
28. Qb2 Qg7 29. g4 Rff8 30. Ng2 Rxf2 31. Rxf2 Qe7 32. g5 Bb5 33. Nf4 Rf8 34.
Qd4 Bc4 35. e4 Qd7 36. Kg3 Rd8 37. Ng2 b5 38. Ne3 dxe4 39. Qxe4 Bd3 40. Qf4 Bf5
41. Nxf5 gxf5 42. Kh2 Qd4 43. Qxd4 Rxd4 44. Kh3 h6 45. Rc2 hxg5 46. hxg5 Rc4
47. Ra2 Kf7 48. Ra7+ Kg6 49. Ra6 Kxg5 50. Rxe6 Kf4 51. Rb6 Rxb4 52. e6 Re4 53.
Rxb5 Rxe6 54. Kg2 Re2+ 55. Kf1 Ra2 56. Rb4+ Kg3 57. Rb3+ Kg4 58. Rb4+ f4 59.
Rb3 1/2-1/2

[Event "M.Botvinnik Memorial 2012"]
[Site "St. Petersburg, Russia"]
[Date "2012.08.31"]
[Round "7.2"]
[White "Demchenko, Anton"]
[Black "Alekseev, Evgeny"]
[Result "1/2-1/2"]
[WhiteElo "2603"]
[BlackElo "2673"]
[PlyCount "49"]
[EventDate "2012.08.25"]

1. d4 Nf6 2. c4 e6 3. g3 Bb4+ 4. Bd2 Be7 5. Bg2 d5 6. Nf3 O-O 7. O-O c6 8. Qc2
b6 9. Rd1 Nbd7 10. Bf4 Bb7 11. Nc3 dxc4 12. Nd2 Nd5 13. Nxc4 Nxf4 14. gxf4 Qc7
15. e3 Rad8 16. Rac1 c5 17. d5 exd5 18. Nxd5 Bxd5 19. Rxd5 b5 20. Ne5 Nxe5 21.
Rxe5 Bd6 22. Rd5 Be7 23. Re5 Bd6 24. Rd5 Be7 25. Re5 1/2-1/2

[Event "M.Botvinnik Memorial 2012"]
[Site "St. Petersburg, Russia"]
[Date "2012.08.31"]
[Round "7.3"]
[White "Bukavshin, Ivan"]
[Black "Hovhannisyan, Robert"]
[Result "1-0"]
[WhiteElo "2476"]
[BlackElo "2612"]
[PlyCount "97"]
[EventDate "2012.08.25"]

1. d4 d5 2. c4 c6 3. Nc3 Nf6 4. Nf3 e6 5. e3 Nbd7 6. Bd3 dxc4 7. Bxc4 b5 8. Bd3
Bd6 9. O-O O-O 10. Bd2 Bb7 11. Rc1 Rc8 12. a3 a5 13. e4 e5 14. dxe5 Nxe5 15.
Nxe5 Bxe5 16. Qe2 Re8 17. Rfd1 Qe7 18. f3 Nd7 19. f4 Bd4+ 20. Be3 Bxe3+ 21.
Qxe3 Qc5 22. Nd5 Qxe3+ 23. Nxe3 g6 24. e5 Nf8 25. Ng4 Kg7 26. Nf6 Red8 27. Ne4
Ne6 28. f5 Nf4 29. Nd6 Rb8 30. f6+ Kf8 31. Kf2 b4 32. Bc4 bxa3 33. bxa3 Bc8 34.
Nxf7 Rxd1 35. Rxd1 Be6 36. Bxe6 Nxe6 37. Rd7 Rb2+ 38. Ke3 Rb3+ 39. Kd2 Rb2+ 40.
Kc3 Rb3+ 41. Kc2 Re3 42. Nd6 Re2+ 43. Kc3 Re3+ 44. Kc4 Rxe5 45. Rf7+ Kg8 46.
Re7 h5 47. Re8+ Kh7 48. f7 Kg7 49. f8=Q+ 1-0

[Event "M.Botvinnik Memorial 2012"]
[Site "St. Petersburg, Russia"]
[Date "2012.08.31"]
[Round "7.4"]
[White "Popov, Valerij"]
[Black "Aleksandrov, Aleksej"]
[Result "0-1"]
[WhiteElo "2557"]
[BlackElo "2597"]
[PlyCount "76"]
[EventDate "2012.08.25"]

1. c4 e6 2. g3 d5 3. Bg2 Nf6 4. Nf3 dxc4 5. Na3 Qd5 6. Nh4 Qc5 7. O-O Be7 8.
Qa4+ Bd7 9. Qxc4 Bc6 10. d4 Qxc4 11. Nxc4 Bxg2 12. Kxg2 O-O 13. b3 Rc8 14. Rd1
Kf8 15. Nf3 Nc6 16. Bb2 b5 17. Nce5 Nxe5 18. dxe5 Nd5 19. e4 Nb4 20. a3 Nc6 21.
Rac1 Na5 22. Nd4 a6 23. Bc3 Nb7 24. Nc6 Bxa3 25. Ra1 Bc5 26. b4 Bb6 27. Rd7 Nd8
28. Ne7 Rcb8 29. f4 c5 30. f5 Ke8 31. Rad1 cxb4 32. Bxb4 a5 33. Ba3 b4 34. Bc1
Ra7 35. Rxa7 Bxa7 36. f6 g6 37. Rd6 Bb6 38. Bd2 b3 0-1

[Event "M.Botvinnik Memorial 2012"]
[Site "St. Petersburg, Russia"]
[Date "2012.08.31"]
[Round "7.6"]
[White "Zvjaginsev, Vadim"]
[Black "Predke, Alexandr"]
[Result "1-0"]
[WhiteElo "2671"]
[BlackElo "2483"]
[PlyCount "75"]
[EventDate "2012.08.25"]

1. d4 d5 2. c4 e6 3. Nc3 Be7 4. Bf4 Nf6 5. e3 O-O 6. Rc1 c5 7. dxc5 Qa5 8. Bd6
Bxd6 9. cxd6 dxc4 10. Bxc4 Rd8 11. Nf3 Qb4 12. Qe2 Nc6 13. O-O Qxd6 14. e4 Qe7
15. e5 Nd5 16. Qe4 Nxc3 17. Rxc3 Bd7 18. h4 Be8 19. a3 Rd7 20. Ng5 g6 21. Qf4
Rd4 22. Ne4 Rad8 23. Bb5 h6 24. Nf6+ Kg7 25. Qg3 Qc7 26. b4 a6 27. Ba4 b5 28.
Bb3 Qb6 29. h5 g5 30. Qe3 Ne7 31. Bc2 Bc6 32. f4 Rd2 33. Qxb6 Rxg2+ 34. Kh1
Rdd2 35. Qxc6 Nxc6 36. Be4 Rh2+ 37. Kg1 Nd4 38. Rc8 1-0

[Event "M.Botvinnik Memorial 2012"]
[Site "St. Petersburg, Russia"]
[Date "2012.08.31"]
[Round "7.7"]
[White "Ovetchkin, Roman"]
[Black "Khismatullin, Denis"]
[Result "1/2-1/2"]
[WhiteElo "2526"]
[BlackElo "2636"]
[PlyCount "100"]
[EventDate "2012.08.25"]

1. d4 Nf6 2. c4 e6 3. Nf3 b6 4. g3 Ba6 5. b3 Bb4+ 6. Bd2 Be7 7. Nc3 c6 8. e4 d5
9. e5 Ne4 10. Bd3 Nxd2 11. Qxd2 O-O 12. O-O Bb7 13. cxd5 cxd5 14. Ne2 Ba6 15.
Rac1 Bxd3 16. Qxd3 Qd7 17. Nf4 Nc6 18. h4 Rac8 19. Kg2 Nb4 20. Qd2 Rxc1 21.
Rxc1 Rc8 22. a3 Na6 23. Nh5 Rxc1 24. Qxc1 Nc7 25. a4 Ne8 26. Nf4 Qc7 27. Qf1 g6
28. Qd3 Ng7 29. Ne2 h5 30. Ne1 Nf5 31. Nc2 Bf8 32. Qc3 Qb7 33. Ne3 Nxe3+ 34.
Qxe3 b5 35. axb5 Qxb5 36. g4 hxg4 37. Ng3 Be7 38. h5 Kg7 39. hxg6 fxg6 40. Nf1
Qb8 41. Nh2 Qf8 42. Nxg4 Qf5 43. f3 Qc2+ 44. Kg3 g5 45. Nf2 Kg6 46. Qd3+ Qxd3
47. Nxd3 Kf5 48. b4 Bd8 49. Kf2 a5 50. bxa5 Bxa5 1/2-1/2

[Event "M.Botvinnik Memorial 2012"]
[Site "St. Petersburg, Russia"]
[Date "2012.08.31"]
[Round "7.8"]
[White "Khairullin, Ildar"]
[Black "Baryshpolets, Andrey"]
[Result "1-0"]
[WhiteElo "2633"]
[BlackElo "2513"]
[PlyCount "69"]
[EventDate "2012.08.25"]

1. e4 c5 2. Nf3 d6 3. d4 cxd4 4. Nxd4 Nf6 5. Nc3 Nc6 6. Bg5 e6 7. Qd2 a6 8.
O-O-O Be7 9. Bxf6 gxf6 10. f4 Nxd4 11. Qxd4 Qc7 12. Be2 Qc5 13. Qxc5 dxc5 14.
f5 Bd8 15. Rhf1 Bc7 16. fxe6 Bxe6 17. Nd5 Bxh2 18. Nxf6+ Ke7 19. Nd5+ Ke8 20.
Bh5 Rd8 21. Rf6 Rd6 22. Rdf1 Bxd5 23. exd5 Kd8 24. Rxf7 Rxd5 25. Bf3 Rd6 26.
Bxb7 Be5 27. c3 h6 28. Kc2 a5 29. R7f5 Re8 30. Re1 Rde6 31. Bd5 R6e7 32. Bc6
Bd6 33. Rd1 Re2+ 34. Kb3 R8e6 35. Rf7 1-0

[Event "M.Botvinnik Memorial 2012"]
[Site "St. Petersburg, Russia"]
[Date "2012.08.31"]
[Round "7.9"]
[White "Kharchenko, Boris"]
[Black "Lysyj, Igor"]
[Result "1/2-1/2"]
[WhiteElo "2476"]
[BlackElo "2624"]
[PlyCount "94"]
[EventDate "2012.08.25"]

1. e4 e6 2. d4 d5 3. Nd2 c5 4. exd5 Qxd5 5. Ngf3 cxd4 6. Bc4 Qd6 7. O-O Nf6 8.
Nb3 Nc6 9. Nbxd4 Nxd4 10. Nxd4 Be7 11. b3 O-O 12. Bb2 a6 13. a4 Qc7 14. Qf3 Bd7
15. Rfe1 Rfe8 16. Qg3 Qxg3 17. hxg3 Red8 18. Nf3 Be8 19. Red1 Ne4 20. Rxd8 Rxd8
21. Bd3 Nc5 22. Be2 f6 23. Rd1 Rxd1+ 24. Bxd1 e5 25. Kf1 Ne4 26. Ne1 Kf7 27.
Nd3 Bc6 28. Ke1 Nd6 29. Kf1 Ne4 30. Ke1 Ke6 31. Bf3 Bd6 32. Bc1 f5 33. Be3 g6
34. Bd2 g5 35. Bxe4 Bxe4 36. Bxg5 Bxg2 37. Ke2 f4 38. gxf4 e4 39. Ne5 h5 40.
Nc4 Bb4 41. Ne3 Bf3+ 42. Kf1 Bg4 43. Kg2 Bc5 44. Kg3 Bxe3 45. fxe3 Bd1 46. a5
Bxc2 47. b4 Kf5 1/2-1/2

[Event "M.Botvinnik Memorial 2012"]
[Site "St. Petersburg, Russia"]
[Date "2012.08.31"]
[Round "7.10"]
[White "Khalifman, Alexander"]
[Black "Lovkov, Roman"]
[Result "1-0"]
[WhiteElo "2621"]
[BlackElo "2424"]
[PlyCount "55"]
[EventDate "2012.08.25"]

1. d4 Nf6 2. c4 e6 3. Nc3 d5 4. Bg5 Bb4 5. e3 Nbd7 6. cxd5 exd5 7. Bd3 c5 8.
Nge2 c4 9. Bc2 Qa5 10. O-O O-O 11. f3 Re8 12. Qd2 b5 13. a3 Bf8 14. e4 Qb6 15.
Kh1 dxe4 16. fxe4 Bb7 17. e5 Nd5 18. Nxd5 Bxd5 19. Nc3 Qc6 20. Nxd5 Qxd5 21.
Qf4 Rab8 22. Rf3 Rb6 23. Raf1 h6 24. Bh4 g5 25. Qf5 Bg7 26. Qh7+ Kf8 27. Be4
Qe6 28. d5 1-0

[Event "M.Botvinnik Memorial 2012"]
[Site "St. Petersburg, Russia"]
[Date "2012.08.31"]
[Round "7.11"]
[White "Ponkratov, Pavel"]
[Black "Pakhomov, Egor"]
[Result "0-1"]
[WhiteElo "2598"]
[BlackElo "2417"]
[PlyCount "104"]
[EventDate "2012.08.25"]

1. e4 e6 2. d4 d5 3. Nc3 Bb4 4. e5 c5 5. a3 Bxc3+ 6. bxc3 Ne7 7. Qg4 Kf8 8. h4
Qc7 9. Bd2 cxd4 10. cxd4 Qxc2 11. h5 h6 12. Rc1 Qa4 13. Qf4 Nbc6 14. Ne2 Bd7
15. Rh3 Rc8 16. Rd3 Nd8 17. Bb4 Rxc1+ 18. Qxc1 Qc6 19. Nc3 Qc8 20. Qf4 Ndc6 21.
Bc5 Be8 22. Rg3 Kg8 23. Bd3 g5 24. Qd2 b6 25. Bd6 Qd8 26. a4 f5 27. Be2 f4 28.
Rd3 Na5 29. Qc1 Nf5 30. Ba3 Rh7 31. Bg4 Rc7 32. Bxf5 exf5 33. Qb1 Nc4 34. Qb4
Kh7 35. Qf8 Rf7 36. Qb4 g4 37. Ne2 f3 38. gxf3 gxf3 39. Rxf3 Qh4 40. Nf4 a5 41.
Qb3 b5 42. e6 Rf6 43. axb5 Qh1+ 44. Ke2 Bxh5 45. Be7 Qc1 46. Nxh5 Rxe6+ 47. Re3
Qd2+ 48. Kf3 Qxd4 49. Nf4 Nd2+ 50. Kg2 Nxb3 51. Nxe6 Qg4+ 52. Kh2 Nd2 0-1

[Event "M.Botvinnik Memorial 2012"]
[Site "St. Petersburg, Russia"]
[Date "2012.08.31"]
[Round "7.12"]
[White "Levin, Evgeny A"]
[Black "Fedorov, Alexei"]
[Result "1/2-1/2"]
[WhiteElo "2512"]
[BlackElo "2579"]
[PlyCount "89"]
[EventDate "2012.08.25"]

1. d4 Nf6 2. c4 g6 3. Nc3 Bg7 4. e4 d6 5. Nf3 O-O 6. Be2 e5 7. O-O Nc6 8. d5
Ne7 9. b4 Nh5 10. g3 f5 11. Ng5 Nf6 12. Bf3 fxe4 13. Ncxe4 Nf5 14. Bg2 a5 15.
b5 Nxe4 16. Nxe4 b6 17. Qd3 h6 18. Bd2 g5 19. Rae1 Qd7 20. f4 exf4 21. gxf4 g4
22. Ng3 Bd4+ 23. Kh1 Qg7 24. Be4 Nxg3+ 25. hxg3 Bd7 26. Bg6 Bf6 27. f5 Be5 28.
Kg2 Be8 29. Bxe8 Raxe8 30. Rh1 Rf6 31. Rh4 Ref8 32. Rf1 Kf7 33. Qe4 Ke8 34.
Rxg4 Qh7 35. Rg6 Qxg6 36. fxg6 Rxf1 37. Bf4 R1xf4 38. gxf4 Rxf4 39. g7 Kf7 40.
g8=Q+ Kxg8 41. Qg6+ Kf8 42. Qxh6+ Ke7 43. Qe6+ Kd8 44. Qg8+ Kd7 45. Qe6+
1/2-1/2

[Event "M.Botvinnik Memorial 2012"]
[Site "St. Petersburg, Russia"]
[Date "2012.08.31"]
[Round "7.13"]
[White "Rogozenco, Dorian"]
[Black "Lintchevski, Daniil"]
[Result "0-1"]
[WhiteElo "2504"]
[BlackElo "2558"]
[PlyCount "72"]
[EventDate "2012.08.25"]

1. d4 d5 2. Nf3 Nf6 3. c4 dxc4 4. e3 e6 5. Bxc4 c5 6. O-O a6 7. dxc5 Bxc5 8.
Qe2 Nc6 9. e4 b5 10. Bb3 Nd4 11. Nxd4 Qxd4 12. Be3 Qe5 13. Bxc5 Qxc5 14. e5 Nd7
15. Re1 Bb7 16. Nc3 O-O 17. Rac1 Rac8 18. Qd2 Nxe5 19. Na4 Nf3+ 20. gxf3 Qh5
21. Rxc8 Rxc8 22. Rd1 g6 23. Nb6 Bxf3 24. Kf1 Qh3+ 25. Ke1 Qxh2 26. Qd4 Qg1+
27. Kd2 Qg5+ 28. Ke1 Bxd1 29. Nxc8 Bxb3 30. Nb6 Qc1+ 31. Ke2 Bc4+ 32. Kf3 Bd5+
33. Ke2 Qc6 34. f4 h5 35. Kd2 h4 36. f5 gxf5 0-1

[Event "M.Botvinnik Memorial 2012"]
[Site "St. Petersburg, Russia"]
[Date "2012.08.31"]
[Round "7.14"]
[White "Onischuk, Vladimir"]
[Black "Iljiushenok, Ilia"]
[Result "0-1"]
[WhiteElo "2547"]
[BlackElo "2413"]
[PlyCount "68"]
[EventDate "2012.08.25"]

1. Nf3 c5 2. g3 Nc6 3. Bg2 g6 4. d4 cxd4 5. Nxd4 Bg7 6. Nb3 Nf6 7. Nc3 O-O 8.
O-O d6 9. h3 a5 10. a4 Be6 11. e4 Bxb3 12. cxb3 Nd7 13. Be3 Nc5 14. h4 Nb4 15.
Bh3 e6 16. Qe2 Nxb3 17. Rad1 Rc8 18. h5 Qe7 19. Kg2 Rc6 20. Rh1 Rd8 21. hxg6
hxg6 22. Kg1 d5 23. exd5 exd5 24. Bg2 d4 25. Bxc6 Nxc6 26. Qc4 Qb4 27. Qxb4
axb4 28. Na2 dxe3 29. Rxd8+ Nxd8 30. fxe3 Nc6 31. Rh4 Nd2 32. Kf2 b3 33. Nb4 g5
34. Rg4 f5 0-1

[Event "M.Botvinnik Memorial 2012"]
[Site "St. Petersburg, Russia"]
[Date "2012.08.31"]
[Round "7.15"]
[White "Grigoryan, Avetik"]
[Black "Lavrov, Maxim"]
[Result "1-0"]
[WhiteElo "2579"]
[BlackElo "2372"]
[PlyCount "67"]
[EventDate "2012.08.25"]

1. d4 Nf6 2. c4 g6 3. Nc3 Bg7 4. e4 d6 5. h3 O-O 6. Bg5 c5 7. d5 e6 8. Bd3 a6
9. a4 exd5 10. exd5 Re8+ 11. Nge2 Nbd7 12. f4 h6 13. Bh4 Qc7 14. O-O Nf8 15.
Qd2 Bd7 16. Kh1 Qc8 17. Bxf6 Bxf6 18. f5 Bxf5 19. Bxf5 gxf5 20. Qxh6 Bxc3 21.
Nxc3 Ng6 22. Rf2 Re5 23. Raf1 Qe8 24. Rxf5 Rxf5 25. Rxf5 Qe1+ 26. Kh2 Re8 27.
Qg5 Re7 28. Qf6 Rd7 29. a5 Qe3 30. Rg5 Qd4 31. Qf5 Re7 32. Rg4 Qd2 33. Ne4 Qxb2
34. Nxd6 1-0

[Event "M.Botvinnik Memorial 2012"]
[Site "St. Petersburg, Russia"]
[Date "2012.08.31"]
[Round "7.16"]
[White "Tiviakov, Sergei"]
[Black "Arslanov, Shamil"]
[Result "1/2-1/2"]
[WhiteElo "2674"]
[BlackElo "2416"]
[PlyCount "71"]
[EventDate "2012.08.25"]

1. e4 e6 2. d4 d5 3. Nd2 Be7 4. c3 c5 5. dxc5 Bxc5 6. Nb3 Bb6 7. exd5 exd5 8.
Bb5+ Nc6 9. Nf3 a6 10. Bd3 Nf6 11. Qe2+ Be6 12. Be3 O-O 13. Nfd4 Re8 14. h3
Nxd4 15. Nxd4 Bxd4 16. cxd4 Qd7 17. Qf3 Ne4 18. O-O Bf5 19. Rfd1 Bg6 20. Bf1
Rac8 21. Rdc1 Qa4 22. a3 Qb3 23. Qg4 Rxc1 24. Rxc1 h5 25. Qe2 Ng3 26. Qd2 Nxf1
27. Kxf1 h4 28. Rc3 Qa2 29. b4 Qb1+ 30. Qc1 Bd3+ 31. Kg1 Qxc1+ 32. Rxc1 Bc4 33.
Re1 Kh7 34. f3 Bb5 35. Kf2 Re6 36. Rc1 1/2-1/2

[Event "M.Botvinnik Memorial 2012"]
[Site "St. Petersburg, Russia"]
[Date "2012.08.31"]
[Round "7.17"]
[White "Smirnov, Artem"]
[Black "Matlakov, Maxim"]
[Result "0-1"]
[WhiteElo "2425"]
[BlackElo "2663"]
[PlyCount "62"]
[EventDate "2012.08.25"]

1. c4 Nf6 2. Nf3 g6 3. Nc3 Bg7 4. e4 d6 5. d4 O-O 6. Be2 e5 7. O-O exd4 8. Nxd4
Re8 9. f3 c6 10. Kh1 Nh5 11. Be3 f5 12. Qd2 f4 13. Bf2 Be5 14. Rad1 Ng3+ 15.
Kg1 Nxf1 16. Bxf1 Nd7 17. Nde2 Qf6 18. Nc1 Nc5 19. N3e2 a5 20. Bxc5 dxc5 21.
Nd3 Rd8 22. Qc2 Be6 23. Nxc5 Rxd1 24. Qxd1 Rd8 25. Nd3 Bxc4 26. Nec1 Bxb2 27.
Qc2 Qd4+ 28. Nf2 Bxf1 29. Kxf1 Qc3 30. Qxc3 Bxc3 31. Ne2 Be5 0-1

[Event "M.Botvinnik Memorial 2012"]
[Site "St. Petersburg, Russia"]
[Date "2012.08.31"]
[Round "7.18"]
[White "Serov, Maksim"]
[Black "Timofeev, Artyom"]
[Result "0-1"]
[WhiteElo "2370"]
[BlackElo "2639"]
[PlyCount "78"]
[EventDate "2012.08.25"]

1. d4 Nf6 2. c4 g6 3. Nc3 d5 4. Bf4 Bg7 5. e3 O-O 6. Nf3 c5 7. dxc5 Qa5 8. Rc1
dxc4 9. Bxc4 Qxc5 10. Bb3 Qa5 11. O-O Nc6 12. h3 Bf5 13. Qe2 Ne4 14. g4 Nxc3
15. bxc3 Bd7 16. Rfd1 Rad8 17. Rd5 Qa3 18. Rb1 Bc8 19. e4 e6 20. Bc1 Qe7 21.
Bg5 Bf6 22. Bxf6 Qxf6 23. e5 Qf4 24. Rc5 b6 25. Rxc6 Bb7 26. Nd4 Rxd4 27. cxd4
Bxc6 28. Qe3 Qf3 29. Qxf3 Bxf3 30. Rb2 Rd8 31. Rd2 b5 32. Kh2 a5 33. Kg3 Bb7
34. Kf4 Rc8 35. Rd3 a4 36. Bd1 Bd5 37. a3 Rc1 38. Bf3 Bc4 39. Re3 Rc2 0-1

[Event "M.Botvinnik Memorial 2012"]
[Site "St. Petersburg, Russia"]
[Date "2012.08.31"]
[Round "7.19"]
[White "Khatoev, Eduard"]
[Black "Maletin, Pavel"]
[Result "1/2-1/2"]
[WhiteElo "2322"]
[BlackElo "2587"]
[PlyCount "58"]
[EventDate "2012.08.25"]

1. e4 c5 2. c3 Nf6 3. e5 Nd5 4. Nf3 d6 5. d4 cxd4 6. Qxd4 e6 7. Nbd2 a6 8. exd6
Nc6 9. Qe4 Bxd6 10. Nc4 Bc7 11. Bg5 f6 12. Bd2 f5 13. Qc2 b5 14. Ne3 Nxe3 15.
Bxe3 O-O 16. Bc5 Re8 17. Bd3 e5 18. O-O-O Qf6 19. Be2 Be6 20. Kb1 Na5 21. h4 h6
22. g4 Nb7 23. Ba3 fxg4 24. Nd2 Qxf2 25. Ne4 Qf7 26. Rdf1 Qd7 27. Rd1 Qf7 28.
Rdf1 Qd7 29. Rd1 Qf7 1/2-1/2

[Event "M.Botvinnik Memorial 2012"]
[Site "St. Petersburg, Russia"]
[Date "2012.08.31"]
[Round "7.20"]
[White "Krivenko, Sergey"]
[Black "Yemelin, Vasily"]
[Result "1/2-1/2"]
[WhiteElo "2347"]
[BlackElo "2579"]
[PlyCount "76"]
[EventDate "2012.08.25"]

1. d4 Nf6 2. c4 e6 3. Nc3 Bb4 4. f3 d5 5. a3 Bxc3+ 6. bxc3 c6 7. Bg5 Nbd7 8.
cxd5 cxd5 9. e3 h6 10. Bh4 O-O 11. Bd3 b6 12. Ne2 Bb7 13. g4 Re8 14. Bb5 g5 15.
Bf2 Qc8 16. h4 Ba6 17. Bxa6 Qxa6 18. Qd2 Kf8 19. Bg3 Ke7 20. hxg5 hxg5 21. c4
Qxc4 22. Kf2 Rac8 23. a4 a5 24. Rhc1 Qb4 25. Nc3 Kf8 26. Rab1 Qa3 27. Nb5 Qxa4
28. Nc7 e5 29. Nxe8 Rxe8 30. dxe5 Nxe5 31. Bxe5 Rxe5 32. Rxb6 Nxg4+ 33. fxg4
Qxg4 34. Rb8+ Ke7 35. Rb7+ Kf8 36. Rb8+ Ke7 37. Rb7+ Kf8 38. Rb8+ Ke7 1/2-1/2

[Event "M.Botvinnik Memorial 2012"]
[Site "St. Petersburg, Russia"]
[Date "2012.08.31"]
[Round "7.21"]
[White "Epishin, Vladimir"]
[Black "Bodnaruk, Anastasia"]
[Result "0-1"]
[WhiteElo "2576"]
[BlackElo "2414"]
[PlyCount "52"]
[EventDate "2012.08.25"]

1. d4 Nf6 2. Nf3 e6 3. c4 b6 4. Bf4 Bb7 5. e3 Bb4+ 6. Nbd2 O-O 7. Bd3 Nh5 8.
Bg3 g6 9. a3 Be7 10. Qe2 d6 11. b4 Nd7 12. Rd1 f5 13. O-O Bf6 14. c5 bxc5 15.
bxc5 dxc5 16. Nb3 Bxf3 17. Qxf3 cxd4 18. Qc6 Nxg3 19. hxg3 e5 20. exd4 e4 21.
Bb5 Nb6 22. Nc5 Qd6 23. Ne6 Rf7 24. a4 a6 25. Qxd6 cxd6 26. Bc6 Rc8 {unreadable
} 0-1

[Event "M.Botvinnik Memorial 2012"]
[Site "St. Petersburg, Russia"]
[Date "2012.08.31"]
[Round "7.22"]
[White "Yevseev, Denis"]
[Black "Aitbayev, Aslan"]
[Result "1-0"]
[WhiteElo "2535"]
[BlackElo "2411"]
[PlyCount "57"]
[EventDate "2012.08.25"]

1. Nf3 Nf6 2. c4 g6 3. Nc3 Bg7 4. e4 d6 5. d4 O-O 6. Be2 e5 7. O-O exd4 8. Nxd4
Re8 9. f3 c6 10. Kh1 Nh5 11. g4 Nf6 12. Rg1 h5 13. Nf5 gxf5 14. gxf5 Kh8 15.
Bf4 Nh7 16. Bxd6 Nd7 17. Qd2 Qf6 18. Rad1 b6 19. f4 Qh4 20. Bf3 Bb7 21. Rg3 Bh6
22. Qf2 Qf6 23. Bxh5 c5 24. Bf3 Rac8 25. Rh3 Bf8 26. e5 Qxf5 27. Rxh7+ Qxh7 28.
Bxb7 Rcd8 29. Bc7 1-0

[Event "M.Botvinnik Memorial 2012"]
[Site "St. Petersburg, Russia"]
[Date "2012.08.31"]
[Round "7.23"]
[White "Pridorozhni, Aleksei"]
[Black "Tseitlin, Mark D"]
[Result "1-0"]
[WhiteElo "2533"]
[BlackElo "2396"]
[PlyCount "77"]
[EventDate "2012.08.25"]

1. e4 c5 2. Nf3 d6 3. c3 Nf6 4. h3 Nbd7 5. Bd3 e6 6. Bc2 b6 7. O-O Bb7 8. Re1
Be7 9. d4 cxd4 10. cxd4 Rc8 11. Nc3 a6 12. a4 Qc7 13. Bd3 O-O 14. Qe2 a5 15.
Bg5 e5 16. Rac1 Qb8 17. Bb5 Rc7 18. Rcd1 Rd8 19. Nh4 g6 20. Nf3 Nf8 21. dxe5
dxe5 22. Nxe5 Ne6 23. Bxf6 Bxf6 24. Nd7 Rcxd7 25. Rxd7 Rxd7 26. Bxd7 Nd4 27.
Qd3 Qe5 28. Bb5 Be7 29. Qg3 Qxg3 30. fxg3 Bc5 31. Kh2 Kg7 32. Bc4 Bc8 33. e5
Bd7 34. Ne4 Bxa4 35. Nxc5 bxc5 36. Ra1 Bb3 37. Bxb3 Nxb3 38. Ra3 Nd2 39. Rc3
1-0

[Event "M.Botvinnik Memorial 2012"]
[Site "St. Petersburg, Russia"]
[Date "2012.08.31"]
[Round "7.24"]
[White "Goganov, Aleksey"]
[Black "Rozhko, Dmitry"]
[Result "1-0"]
[WhiteElo "2525"]
[BlackElo "2388"]
[PlyCount "77"]
[EventDate "2012.08.25"]

1. d4 d5 2. c4 c6 3. Nf3 Nf6 4. Qc2 g6 5. Bf4 Bg7 6. e3 Nh5 7. Be5 Bxe5 8. Nxe5
Nd7 9. Nf3 Ndf6 10. Nc3 O-O 11. h3 Ng7 12. Be2 Be6 13. cxd5 cxd5 14. Qb3 Ne4
15. O-O Nxc3 16. bxc3 b6 17. Rfc1 Rc8 18. Ne5 f6 19. Nf3 Bf7 20. c4 dxc4 21.
Bxc4 Rxc4 22. Rxc4 Nf5 23. d5 Bxd5 24. e4 Bf7 25. exf5 gxf5 26. Qc2 Bxc4 27.
Qxc4+ Kh8 28. Qe6 Rg8 29. Re1 Rg7 30. Qxf5 e5 31. Rc1 Rd7 32. Rc6 Kg7 33. Kh2
Rc7 34. Qg4+ Kh8 35. Qc4 Rxc6 36. Qxc6 a5 37. Nh4 Kg7 38. Qb7+ Kh6 39. Qf7 1-0

[Event "M.Botvinnik Memorial 2012"]
[Site "St. Petersburg, Russia"]
[Date "2012.08.31"]
[Round "7.25"]
[White "Pasiev, Rakhim"]
[Black "Belozerov, Andrei"]
[Result "0-1"]
[WhiteElo "2325"]
[BlackElo "2504"]
[PlyCount "48"]
[EventDate "2012.08.25"]

1. e4 c5 2. Nf3 Nc6 3. Nc3 d6 4. d4 cxd4 5. Nxd4 Nf6 6. Be2 Nxd4 7. Qxd4 g6 8.
Bg5 Bg7 9. Bb5+ Bd7 10. Bxd7+ Qxd7 11. O-O-O O-O 12. Qd2 b5 13. e5 b4 14. exf6
bxc3 15. Qxc3 Rfc8 16. Qd3 exf6 17. Be3 f5 18. f3 Qa4 19. Kb1 Rab8 20. Bc1 Rc3
21. Qd2 Rc6 22. b3 Bc3 23. Qe2 Ra6 24. a3 Qxa3 0-1

[Event "M.Botvinnik Memorial 2012"]
[Site "St. Petersburg, Russia"]
[Date "2012.08.31"]
[Round "7.26"]
[White "Fedoseev, Vladimir"]
[Black "Bogachkov, Igor"]
[Result "1-0"]
[WhiteElo "2498"]
[BlackElo "2356"]
[PlyCount "113"]
[EventDate "2012.08.25"]

1. d4 Nf6 2. c4 g6 3. Nc3 Bg7 4. Nf3 O-O 5. Bg5 h6 6. Bh4 d6 7. e3 c5 8. Be2
cxd4 9. Nxd4 Nc6 10. O-O Bd7 11. Qd2 Rc8 12. Rad1 a6 13. Rfe1 Re8 14. Nc2 Bf5
15. f3 Qb6 16. Na3 Nd7 17. Bf2 Qb4 18. Qc1 Be6 19. e4 Qa5 20. Nd5 Nce5 21. Be3
Kh7 22. Qb1 Bxd5 23. exd5 f5 24. Kh1 Rf8 25. g3 b5 26. cxb5 axb5 27. Bxb5 Nb6
28. Rf1 Na4 29. Bd4 Rb8 30. b4 Qa8 31. Qb3 Nb6 32. Bxe5 dxe5 33. Bc6 Qa6 34. b5
Qa5 35. Nc4 Nxc4 36. Qxc4 h5 37. a4 Rfc8 38. Rb1 Rc7 39. Qb4 Ra7 40. b6 Qxb4
41. Rxb4 Ra6 42. b7 e6 43. Rfb1 exd5 44. Bxd5 Ra5 45. Bc6 Rc5 46. Rb6 Bf8 47.
Ra6 g5 48. a5 g4 49. Ra8 Bd6 50. a6 Rxc6 51. a7 Rxb7 52. Rxb7+ Kg6 53. Rg8+ Kf6
54. a8=Q Rc1+ 55. Kg2 gxf3+ 56. Kxf3 e4+ 57. Ke2 1-0

[Event "M.Botvinnik Memorial 2012"]
[Site "St. Petersburg, Russia"]
[Date "2012.08.31"]
[Round "7.27"]
[White "Kalegin, Evgenij"]
[Black "Zenzera, Alexey"]
[Result "1/2-1/2"]
[WhiteElo "2480"]
[BlackElo "2331"]
[PlyCount "108"]
[EventDate "2012.08.25"]

1. e4 c5 2. Nf3 e6 3. Nc3 a6 4. g3 d5 5. exd5 exd5 6. d4 Nf6 7. Bg2 c4 8. O-O
Be7 9. b3 cxb3 10. axb3 O-O 11. Ne5 Nc6 12. Bg5 Nb4 13. Nf3 Nc6 14. Ne5 Nb4 15.
Na4 Bf5 16. c3 Nc6 17. Nxc6 bxc6 18. Bxf6 Bxf6 19. Nc5 Be7 20. Nb7 Qd7 21. Na5
Rfe8 22. b4 Bd6 23. Qd2 h5 24. h4 Re6 25. Rfe1 Rg6 26. Re3 Bh3 27. Qe2 Bg4 28.
Bf3 f5 29. Re1 f4 30. Re8+ Rxe8 31. Qxe8+ Qxe8 32. Rxe8+ Kf7 33. Bxg4 Rxg4 34.
Rd8 Be7 35. Rd7 Rg6 36. Rc7 Ke8 37. Rxc6 Rg4 38. Re6 fxg3 39. f3 Rxh4 40. Nc6
Kd7 41. Rxe7+ Kxc6 42. Rxg7 Rf4 43. Rxg3 Kb5 44. Kf2 Kc4 45. Ke3 Rf8 46. Rg5
Rh8 47. Rg7 h4 48. Rc7+ Kb3 49. Kf2 h3 50. Kg1 Rf8 51. Rc5 Rxf3 52. Rxd5 Kxc3
53. Rd6 Kxb4 54. Rxa6 Kc4 1/2-1/2